La devaluación del franco como instrumento de política monetaria y cambiaria (Registro nro. 28766)

Detalles MARC
000 -LEADER
fixed length control field 00395 a2200121 4500
001 - CONTROL NUMBER
control field ART_24948
005 - DATE AND TIME OF LATEST TRANSACTION
control field 20260410161933.0
008 - FIXED-LENGTH DATA ELEMENTS--GENERAL INFORMATION
fixed length control field 260409a
100 1# - MAIN ENTRY--PERSONAL NAME
Personal name Carbonell Tur, Antonio
245 10 - TITLE STATEMENT
Title La devaluación del franco como instrumento de política monetaria y cambiaria
700 1# - ADDED ENTRY--PERSONAL NAME
Personal name Pérez Lamela, Héctor
773 0# - HOST ITEM ENTRY
Title Informe
Related parts - Año I, Nº 3 (sep. 1969)
Record control number REV23765

No hay ítems disponibles.